00475nam a2200181Ia 4500008004100000020001800041245002100059245007200080260001500152260001600167260000900183300001400192300002500206300001000231440002500241500000800266999001900274170705s9999 xx 000 0 und d a9780439735148 2aA cosmic comic / cTrina Robbins and Audrey Carangelo ; illustrated by Craig Phillips. aNew York : bScholastic, c2006 a8 pages : bcolor illustration ; c23cm. aScholastic FX books. a450 c336013d336013